| 000 | 00887cab a2200289 4500 | ||
|---|---|---|---|
| 001 | WB3312-50 | ||
| 008 | 090401t1997 xxu||||| |||| 00| 0 eng d | ||
| 035 | _a(Sirsi) u77175 | ||
| 041 | _aeng | ||
| 245 | _aPollution a value issue | ||
| 260 | _c1997 | ||
| 350 | _a0 | ||
| 490 |
_aEstates Gazette _v(9711) 15 March 1997, 47(1) |
||
| 520 | _aA survey by the College of Estate Management found that nearly 70% of institutional investors and advisors would avoid contaminated property without even conducting an environmental risk assessment. | ||
| 650 | _aCONTAMINATED LAND | ||
| 650 | _aENVIRONMENTAL RISK ASSESSMENT | ||
| 650 | _aINSTITUTIONAL INVESTMENT | ||
| 650 | _aPOLLUTION | ||
| 650 | _aPROPERTY VALUES | ||
| 650 | _aRICS | ||
| 650 | _aSTIGMA | ||
| 650 | _aSURVEY | ||
| 650 | _aVALUE | ||
| 690 | _aRATING AND VALUATION | ||
| 942 | _n0 | ||
| 948 | _c18/03/1997 | ||
| 999 |
_c48504 _d48504 |
||